00491nam a2200193Ia 4500008004100000020001400041050001400055100002100069245003100090245005000121260001500171260001600186260000900202300001500211300002700226300001000253440002700263500000700290170918s9999 xx 000 0 und d a590449486 bM123 1992 aMaccarone, Grace aItchy, itchy chicken pox / cGrace Maccarone ; illustrated by Betsy Lewin. aNew York : bScholastic, c1992 a30 pages : bcolored illustration ; c23cm. aHello reader! Level 1. a80